Biblioteca

Preaching hard texts of the Old Testament. (Registro nro. 65492)

Detalles MARC
000 -LÍDER
Campo fijo de descripción fija 02628nam a2200337 i 4500
001 - NÚMERO DE CONTROL
Campo de control 768714001
003 - IDENTIFICADOR DEL NÚMERO DE CONTROL
Campo de control CO-MdFUSB
005 - FECHA Y HORA DE LA ULTIMA TRANSACCIÓN
control field 20200519094620.0
007 - CAMPO FIJO DE DESCRIPCIÓN FIJA--INFORMACIÓN GENERAL
Campo fijo de descripción fija ta
008 - ELEMENTOS DE LONGITUD FIJA -- INFORMACIÓN GENERAL
Campo fijo de descripción fija -- Información general 200324t2008 -us |||| |||| 00| 0 eng d
020 ## - NÚMERO INTERNACIONAL NORMALIZADO PARA LIBROS
Número Internacional Normalizado del libro 1565633334
040 ## - FUENTE DE CATALOGACIÓN
Agencia de catalogación original CO-MdFUSB
Idioma de catalogación spa
Agencia que realiza la transcripción CO-MdFUSB
Agencia que realiza la modificación CO-MdFUSBC
Convenciones de la descripción rda
041 ## - CÓDIGO DE IDIOMA
Código de idioma para texto/pista de sonido o título separado eng
082 ## - NÚMERO DE CLASIFICACIÓN DECIMAL DEWEY
Número de la edición del Dewey 23
Número de clasificación 221.7
Clave de autor-Numero de item AC179
100 ## - ASIENTO PRINCIPAL--NOMBRE PERSONAL
Nombre personal Achtemeier, Elizabeth.
Término relacionador autor
242 ## - TRADUCCIÓN DEL TÍTULO POR AGENCIA CATALOGADORA
Título Predicando textos dificiles del Antiguo Testamento.
Idioma del título original inglés
245 ## - TÍTULO
Título del Material Preaching hard texts of the Old Testament.
Mención de responsabilidad, etc. / Elizabeth Achtemeier
264 #1 - PRODUCCIÓN, PUBLICACIÓN, DISTRIBUCIÓN, MANUFACTURA, Y COPYRIGHT
Lugar de producción, publicación, distribución, manufactura Estados Unidos :
Nombre del productor, publicador, distribuidor Hendrickson Publishers,
Fecha de producción, publicación, distribución, manufactura, o copyright [2008]
264 #4 - PRODUCCIÓN, PUBLICACIÓN, DISTRIBUCIÓN, MANUFACTURA, Y COPYRIGHT
Fecha de producción, publicación, distribución, manufactura, o copyright © 2008
300 ## - DESCRIPCIÓN FÍSICA
Extensión 192 páginas
Dimensiones ; 22 cm
336 ## - TIPO DE CONTENIDO
Fuente rdacontent
Término de tipo de contenido texto
Código de tipo de contenido txt
337 ## - TIPO DE MEDIO
Fuente rdamedia
Nombre del tipo de medio sin mediación
Código del tipo de medio n
338 ## - TIPO DE SOPORTE
Fuente rdacarrier
Nombre del tipo de soporte volumen
Código Tipo de soporte nc
505 ## - NOTA DE CONTENIDO
Nota de contenido con formato preestablecido El Santo de Israel. -- Narrativas y Ley. -- "Él gobernará sobre ti" - Génesis 3: 14-19. -- El sacrificio de Isaac - Génesis 22: 1-9. -- "El Señor es un hombre de Éxodo de guerra - 15: 1-21 . -- "Que Dios no nos hable" - Éxodo 19: 9-20; 20: 18-21. -- "La piel del rostro de Moisés brilló" - Éxodo 34:29 -45. -- La serpiente de bronce - Números 21: 4-9 Excursis: la prohibición Deuteronomio - 20: 10-18 y textos de conquista. -- Moisés prohibió entrar a la tierra - Deuteronomio 24: 1-12. -- En los días de los jueces - Jueces 4: 1-7 -<br/>El rechazo de Saúl - I Samuel 13: 1-5. -- Uza y el arca - 2 Samuel 6: 1-15. -- La traducción de Elías --2 Reyes 2: 1-12. -- Guarda a tus esposas e hijos extranjeros - Esdras 9-10. -- La persecución de los judíos - Ester 7: 1-6, 9-10; 9: 20-22. -- Escritos.-- Piel por piel - Job 2: 1-10. -- "Cuando Israel salió de Egipto" - Salmo 114. -- "Por las aguas de Babilonia" - Salmo 137. -- Sophia. -- Proverbios 8: 1-4, 22-31. -- "Levántate, mi amor" - Canción de canciones 2: 8-13. -- Profetas y Lamentaciones. -- "Arroyos en el desierto" - Isaías 35: 1 -10. -- "Hago sanar y creo ay" -- Isaías 45: 1-7."Perforaste al dragón" -- Isaías 51: 9-11. -- Extrañas acciones proféticas - Jeremías 13: 1-11. -- Luto - Lamentaciones 1: 1-6 - ¿Dios en forma humana? - Ezequiel 1: 26-28 . -- "Los santos de los más altos" - Daniel 7: 1-3, 15-18. -- Cásate con una ramera - Oseas 1: 2-9. -- El uso de Dios de catástrofes naturales - Amós 4: 4-13. -- "El Señor se arrepintió" - Amós 7: 1-6. -- "El día del Señor" - Sofonías 1: 14-18. -- El candelabro dorado - Zacarías 4: 1-14.
563 ## - NOTA DE ENCUADERNACIÓN
Nota de encuadernación Tapa dura
630 07 - TITULO UNIFORME
Título uniforme Biblia.
Nombre de parte o sección de la obra Antiguo Testamento
650 #0 - ASIENTO SECUNDARIO DE MATERIA - TERMINO TEMÁTICO
9 (RLIN) 54
Término temático o nombre geográfico como elemento de entrada Predicación
942 ## - TIPO DE MATERIAL (KOHA)
Tipo de Item KOHA Libros General
945 ## - INFORMACIÓN LOCAL DEL REGISTRO
Catalogador JTF-925
Existencias
Estado de Material Estado de Perdido Forma de Clasificación Estado de Dañado No para Préstamo Colección Biblioteca de Origen Biblioteca Permanente Fecha de Adquisición Forma de Adquisición Área Total de Préstamos Signatura Topográfica Código de Barras Última vez visto Ejemplar/Existencia Fecha de Remplazo Tipo de Material
    Dewey Decimal Classification     Colección General Biblioteca FUSBC Biblioteca FUSBC 24/03/2020 Colección Dawn Christina Harrell BIBLIA   G 221.7 A179p 21233 24/01/2024 Ej. 1 24/03/2020 Libros General

Biblioteca FUSBC | Teléfono: (57+4) 349 88 10 Ext. 141| WhatsApp (+57) 3005338115 
E-mail: biblioteca@unisbc.edu.co | Calle 76 87-14 Robledo Palenque, Medellín, Colombia

Con tecnología Koha